Statistics for Former Countries by Capital

Click here to take the quiz!

General Stats

  • This quiz has been taken 97,845 times
    (62,991 since last reset)
  • The average score is 12 of 18

Answer Stats

EndedCapitalCountry% Correct
1991MoscowSoviet Union
97%
1990East BerlinEast Germany
94%
1992PragueCzechoslovakia
90%
1992BelgradeYugoslavia
90%
1898HonoluluHawaii
87%
1923IstanbulOttoman Empire
87%
1707EdinburghScotland
84%
1846AustinTexas
77%
1521TenochtitlanAztec Empire
67%
1871BerlinPrussia
67%
1975SaigonSouth Vietnam
64%
1453ConstantinopleByzantine Empire
63%
1533CuzcoIncan Empire
63%
1951LhasaTibet
53%
1865RichmondConfederate States of America
48%
1934St. John'sNewfoundland
28%
1902BloemfonteinOrange Free State
22%
1857AgraMughal Empire
20%

Score Distribution

Percentile by Number Answered

Percent of People with Each Score

Your Score History

You have not taken this quiz since the last reset